Presidents of Uganda by Picture - Statistics

General Stats
  • This quiz has been taken 12 times
  • The average score is 6 of 10
Answer Stats
Picture Hint Answer % Correct
1971-1979 Idi Amin
100%
1986-Present Yoweri Museveni
90%
1966-1971 | 1980-1985 Milton Obote
80%
1963-1966 Edward Mutesa
50%
1985 Bazilio Olara-Okello
40%
1979-1980 Godfrey Binaisa
40%
1985-1986 Tito Okello
40%
1962-1963 Walter Coutts
40%
1979 Yusuf Lule
40%
1980 Paulo Muwanga
30%
No matching quizzes found
Score Distribution
Percent of People with Each Score
Percentile by Number Answered
Your Score History
You have not taken this quiz